Normal view
MARC view
Entry Personal Name
001 - CONTROL NUMBER
- control field: 19525
003 - CONTROL NUMBER IDENTIFIER
- control field: OSt
005 - DATE AND TIME OF LATEST TRANSACTION
- control field: 20151206130356.0
008 - FIXED-LENGTH DATA ELEMENTS
- fixed length control field: 151206|| aca||aabn | a|a d
040 ## - CATALOGING SOURCE
- Original cataloging agency: OSt
- Transcribing agency: OSt
100 ## - HEADING--PERSONAL NAME
- Personal name: Ramachandran
670 ## - SOURCE DATA FOUND
- Source citation: Work cat.: (OSt)6870: Ramachandran, The Monkey And The Mango Tree And Other Stories, 1977









